todos los demons que fueron top 1 geometry dash - Estadísticas

Estadísticas generales
  • Esta prueba ha sido intentada 69 veces
    22 desde el último reinicio
  • La puntuación promedio es 23 de 50
Estadísticas de respuestas
Hint Respuesta % Correcto
12/ago/2015 Bloodbath
89%
19/sep/2025 Thinking space II
89%
18/feb/2024 Tidal Wave
89%
21/feb/2018 Bloodlust
83%
7/oct/2022 Acheron
78%
3/jun/2025 Amethyst
78%
13/sep/2020 Tartarus
72%
11/feb/2020 Tartarus
72%
27/jul/2022 Slaughterhouse
67%
17/mar/2022 Slaughterhouse
67%
4/nov/2021 Slaughterhouse
67%
4/nov/2021 Slaughterhouse
67%
4/sep/2017 Sonic wave
67%
14/ene/2017 1 Sonic wave
67%
26/nov/2016 Sonic wave
67%
20/jul/2015 sonic wave
67%
16/jun/2019 Zodiac
61%
9/mar/2019 Zodiac
61%
17/oct/2023 Avernus
56%
4/nov/2021 Firework
56%
14/ene/2017 2 Yatagarasu
56%
3/ene/2015 Cataclysm
50%
17/oct/2013 Demon park
50%
18/jul/2017 Erebus
50%
12/dic/2016 Artificial ascent
44%
28/may/2014 Ice carbon diablo x
44%
18/ene/2018 Plasma pulse finale
44%
1/abr/2014 Silent club
44%
22/sep/2017 Stalemate redux
44%
31/may/2020 The golden
44%
13/jun/2022 Abyss of darkness
39%
20/nov/2015 Phobos
39%
6/ene/2022 Sakupen circles
39%
11/jun/2019 Crimson planet
33%
12/sep/2017 Digital descent
33%
14/ago/2016 Sakupen hell
33%
5/nov/2016 Athanatos
28%
24/nov/2013 2 Bp night
28%
22/feb/2013 Stereo demoness
22%
7/abr/2014 Element 111 rg
17%
22/nov/2013 Extreme park
17%
12/ene/2014 The hell world
17%
19/oct/2013 To the grave
17%
7/ago/2015 Fexty
11%
7/jul/2015 Future demoness
11%
31/ene/2014 The hell origin
11%
8/ene/2014 The hell zone
11%
24/nov/2013 1 Demon world
6%
24/ene/2014 Heaven and hell
6%
17/nov/2015 Theory of darkness
6%
No se encontraron pruebas coincidentes
Distribución de puntuación
Porcentaje de gente con cada puntuación
Porcentaje por número respondido
Historial de tus puntuaciones
No has intentado esta prueba desde el último reinicio